000 00431nam a2200181Ia 4500
001 1568
005 20260306143738.0
008 260306t2013||||xx |||||||||||||| ||spa||
041 _aESP
082 _a150.986
_bA172
100 _aArdilla, Rubén
_eAUT
245 0 _aHistoria de la psicología en Colombia
260 _c2013
300 _a210 páginas :
_c23 cm.
650 _aGEN
654 _aCPS
942 _cLIB
_dJUS
_fJUS
_2ddc
_n
999 _c1568
_d1568